书目信息 |
| 题名: |
AutoCAD快捷绘图实用技巧500例
|
|
| 作者: | 柏松 主编 | |
| 分册: | ||
| 出版信息: | 北京 航空工业出版社 2012 |
|
| 页数: | 328页 | |
| 开本: | 26cm | |
| 丛书名: | ||
| 单 册: | ||
| 中图分类: | TP391.72 | |
| 科图分类: | ||
| 主题词: | AutoCAD软件 | |
| 电子资源: | ||
| ISBN: | 978-7-80243-931-3 | |
| 000 | 01150nam0 2200241 450 | |
| 001 | 3657 | |
| 005 | 20160926161305.23 | |
| 010 | @a978-7-80243-931-3@b平装@dCNY39.80 | |
| 100 | @a20131104d2012 em y0chiy50 ea | |
| 101 | 0 | @achi |
| 102 | @aCN@b110000 | |
| 105 | @aa z 000yy | |
| 200 | 1 | @aAutoCAD快捷绘图实用技巧500例@9autocad kuai jie hui tu shi yong ji qiao 500 li@b专著@e2012版@f柏松主编 |
| 210 | @a北京@c航空工业出版社@d2012 | |
| 215 | @a328页@c图@d26cm@e1光盘 | |
| 300 | @a附光盘 | |
| 307 | @a附光盘:ISBN 978-7-900206-87-9 | |
| 330 | @a本书内容包括:AutoCAD2012快速入门、基础绘图环境的设置、绘图辅助功能的设置、图层的创建与管理、视图与查询工具应用、二维图形的创建与编辑、二维图形的选择与修改、面域和填充图形的应用、块/外部参照与设计中心、文本与表格的创建、几何约束命令的使用、尺寸标注命令的使用、三维视图的控制显示、三维模型对象的创建、三维模型对象的编辑、图纸的打印与发布、零件模具图的制作、室内装潢图的制作、住宅电气工程图的制作以及室外建筑图的制作等。 | |
| 606 | 0 | @aAutoCAD软件 |
| 690 | @aTP391.72@v5 | |
| 701 | 0 | @a柏松@9bo song@c(IT图书作家)@4主编 |
| 801 | 0 | @aCN@b唐山师范学院图书馆@c20151001 |
| 905 | @aZUCC@dTP391.72@e1053 | |
| AutoCAD快捷绘图实用技巧500例:2012版/柏松主编.-北京:航空工业出版社,2012 |
| 328页:图;26cm+1光盘 |
| 附光盘 |
| ISBN 978-7-80243-931-3(平装):CNY39.80 |
| 本书内容包括:AutoCAD2012快速入门、基础绘图环境的设置、绘图辅助功能的设置、图层的创建与管理、视图与查询工具应用、二维图形的创建与编辑、二维图形的选择与修改、面域和填充图形的应用、块/外部参照与设计中心、文本与表格的创建、几何约束命令的使用、尺寸标注命令的使用、三维视图的控制显示、三维模型对象的创建、三维模型对象的编辑、图纸的打印与发布、零件模具图的制作、室内装潢图的制作、住宅电气工程图的制作以及室外建筑图的制作等。 |
| ● |
| 相关链接 |
|
|
|
|
正题名:AutoCAD快捷绘图实用技巧500例
索取号:TP391.72/1053
 
预约/预借
| 序号 | 登录号 | 条形码 | 馆藏地/架位号 | 状态 | 备注 |
| 1 | 905938 | 209059383 | 第二样本阅览室/ [索取号:TP391.72/1053] | 在馆 | |
| 2 | 905939 | 209059392 | 第三借阅区/ [索取号:TP391.72/1053] | 在馆 | |
| 3 | 905940 | 209059409 | 密集书库—计算机科学学院/ [索取号:TP391.72/1053] | 在馆 |